| 000 | 00990nam a22002897a 4500 | ||
|---|---|---|---|
| 005 | 2011042905355.0 | ||
| 008 | 110429t xxu||||| |||| 00| 0 eng d | ||
| 010 | _aENG-102377 | ||
| 020 |
_a9788175332485 _c795.00 |
||
| 035 | _aEN-85910 | ||
| 037 | _bDBAD/PUB | ||
| 040 |
_aDPL _bENG |
||
| 082 | _a155.633 | ||
| 100 |
_927456 _aSrivastava, Asha |
||
| 245 |
_aPsychology of women, family and leadership / _cby Asha Srivastava |
||
| 260 |
_aNew Delhi _bMD Publications _c2010 |
||
| 270 |
_a"MD House", 11, Darya Ganj _bNew Delhi _e110002 _k91-11-45355555 _mcontact@mdppl.com |
||
| 300 |
_avi,283 p. _c22cm (Hb) |
||
| 500 | _aIncludes bibliographical references and index | ||
| 610 | _927464 | ||
| 650 | _927465 | ||
| 651 | _927466 | ||
| 700 | _927451 | ||
| 710 | _927453 | ||
| 942 |
_2ddc _cEN _h155.633 _mSRI |
||
| 999 |
_c52019 _d52019 |
||